000 00686nam a22002297a 4500
003 DO-SdBNP
005 20250217092859.0
007 ta
008 250217b1966 pr ||||| |||| 00| 0 spa d
040 _aDO-SdBNP
_bspa
_cBNPHU
_erda
082 4 _axxx
_bC824A
_222
100 _aCorretjer, Juan Antonio,
_eautor
_4aut.
_911318
245 1 0 _aAlbizu Campos :
_bhombre histórico
264 1 _aGuaynabo, Puerto Rico :
_bGrupo Universitario Guajana,
_c1966.
300 _a22 páginas ;
_c24 cm.
336 _atexto
_btxt
_2rdacontent
337 _asin mediación
_bn
_2rdamedia
338 _avolumen
_bnc
_2rdacarrier
590 _aInventariado, 2025/BT
910 _aBtavárez
942 _2ddc
_cLBS1
999 _c58119
_d58119